000 01218cam a22002891i 4500
003 SA-RiAUC
005 20250324131607.0
008 250321s2001 su g f000 m ara c
020 _a9960617246
040 _aEG-OcO6U
_bara
_cSA-RiAUC.
_erda
082 0 4 _a810.8
_qSA-RiAUC
090 _a810.8
_bخ ط ر
100 1 _aالخطراوي، محمد العيد فرج،
_d1354 هجري-
_eمؤلف.
245 1 0 _aآفاق وأنفاق :
_bفصول في الأدب والفكر والاجتماع /
_cمحمد العيد فرج الخطراوي.
250 _aالطبعة الأولى.
264 1 _a[الرياض] :
_bمطبوعات نادي مكة الثقافي،
_c2001
264 3 _aمكة المكرمة :
_bمطابع الصفا
300 _a219 صفحة ؛
_c24 سم.
336 _aنص
_btxt
_2rdacontent
_3كتاب
337 _aبدون وسيط
_bn
_2rdamedia
338 _aمجلد
_bnc
_2rdacarrier
490 0 _aمطبوعات نادي مكة الثقافي الأدبي ؛
_v114
520 0 _aيتناول الكتاب موضوعات في الأدب العربي.
650 7 _aالأدب العربي
_vمجموعات
_2aucsh
942 _2ddc
_cBOOK
_n0
949 _aSA-JeALM
_d250321
_umohamedma123
_n1
999 _c6609
_d6609